| 000 | 00388cam a2200169ua 4500 | ||
|---|---|---|---|
| 020 | _c1.00 | ||
| 041 |
_amal _h |
||
| 082 |
_a824.812308 _bSRE/AM |
||
| 100 | _aSreekumaran Thampi, Haripadu . | ||
| 245 | _aAmbili akaleyanu | ||
| 260 |
_aEranakulam : _bParishath book stall , _c1961. |
||
| 300 | _a76 ; . | ||
| 365 | _a1.00 | ||
| 504 | _a | ||
| 942 | _cBK | ||
| 999 |
_c4329 _d4329 |
||